000 00373nam a2200145Ia 4500
005 20260328101517.0
008 260328s9999||||xx |||||||||||||| ||und||
100 _aRodríguez Mariño, Tomás
245 0 _aCriticas al Urbanismo /
_cTomás Rodríguez Mariño
250 _a1a ed.
260 _bLa Rana y el Águila
300 _a58 p.
650 _aURBANISMO
942 _cBK
999 _c9444
_d9444